Classical readings in culture and civilization
Αποθηκεύτηκε σε:
| Άλλοι συγγραφείς: | , |
|---|---|
| Μορφή: | Βιβλίο |
| Γλώσσα: | English |
| Δημοσίευση: |
London :
Routledge,
c1998.
|
| Σειρά: | International library of sociology
|
| Θέματα: | |
| Ετικέτες: |
Προσθήκη ετικέτας
Δεν υπάρχουν, Καταχωρήστε ετικέτα πρώτοι!
|
MARC
| LEADER | 00000cam a2200000 i 4500 | ||
|---|---|---|---|
| 001 | 1/272 | ||
| 008 | 000403s1998 enk| ||| |||| ||eng|| | ||
| 020 | |a 041510517X | ||
| 035 | |l 10059599 | ||
| 040 | |a GR-MyUa |b gre |e AACR2 | ||
| 041 | 0 | |a eng | |
| 082 | 7 | |a 306 |2 (22) | |
| 245 | 0 | 0 | |a Classical readings in culture and civilization / |c edited by John Rundell and Stephen Mennell. |
| 260 | |a London : |b Routledge, |c c1998. | ||
| 300 | |a 248 σ. ; |c 26 εκ. | ||
| 490 | 1 | |a (International library of sociology) | |
| 504 | |a Περιλαμβάνει βιβλιογραφικές παραπομπές και ευρετήριο. | ||
| 650 | 0 | 0 | |a Culture. |
| 650 | 0 | 0 | |a Civilization, Modern. |
| 700 | 1 | |a Rundell, John F. |e edt | |
| 700 | 1 | |a Mennell, Stephen, |e edt | |
| 830 | 0 | |a International library of sociology | |
| 852 | |a INST |b LESVOS |e 20000403 |h 306 CLA |p 005100024497 |q 005100024497 |t BK |y 0 | ||
| 901 | |a BIBL1-2000-2 | ||
| 922 | |a 1ΕΛΗ |b 200003 |c ΚΠΣ/ΤΚΑ |d ΠΑΠΑΣΩΤΗΡΙΟΥ | ||
| 950 | |a 117-1999-11-26 | ||
| 970 | |a ΤΖΑΦΕΡΗ |b ΕΥΑΓΓΕΛΙΑ |z 2000/04/09 | ||